| 000 | 01143pam a2200337 a 4500 | ||
|---|---|---|---|
| 001 | 2522618 | ||
| 003 | Ke-BoTe | ||
| 005 | 20220505123525.0 | ||
| 008 | 930713s1994 paua b 001 0 eng c | ||
| 010 | _a 93011761 | ||
| 020 | _a0397550049 | ||
| 040 |
_aDNLM/DLC _cDLC _dDLC |
||
| 050 | 0 | 0 |
_aRT41 _b.E4 1994 |
| 060 | 0 | 0 | _aWY 100 E47n 1994 |
| 082 | 0 | 0 |
_a610.73 _220 |
| 100 | 1 |
_aEllis, Janice Rider. _94217 |
|
| 245 | 1 | 0 |
_aNursing, a human needs approach / _cJanice Rider Ellis, Elizabeth Ann Nowlis. |
| 250 | _a5th ed. | ||
| 260 |
_aPhiladelphia : _bJ.B. Lippincott, _cc1994. |
||
| 300 |
_axlv, 930, 44 p. : _bill. (some col.) ; _c28 cm. |
||
| 504 | _aIncludes bibliographical references and index. | ||
| 650 | 0 |
_aNursing. _91880 |
|
| 650 | 0 |
_aNurse and patient. _92739 |
|
| 650 | 2 |
_aNursing Care. _92680 |
|
| 650 | 2 |
_aNursing. _91880 |
|
| 650 | 2 |
_aNurse-Patient Relations. _92743 |
|
| 700 | 1 |
_aNowlis, Elizabeth Ann. _94220 |
|
| 906 |
_a7 _bcbc _corignew _d1 _eocip _f19 _gy-gencatlg |
||
| 942 |
_2lcc _cBK _n0 |
||
| 999 |
_c2135 _d2135 |
||